000 00637nam a2200229 a 4500
001 75252
003 BD-RjUL
005 20211209082650.0
008 170316s1963 ii a b 001 0 eng d
035 _a(BD-RjUL) 75470
040 _aDLC
_cDLC
_dBD-RjUL
_beng
041 _aeng
082 0 0 _a597
_223
_bNOH 1996
100 1 _aNorman, J. R.
_q(John Roxborough),
_d1898-1944.
_959819
245 1 2 _aA history of fishes /
_cJ. R. Norman
260 _aIndia :
_bAgro Botanical pub. ,
_cc1996
300 _a463 p. :
_bill. ;
_c23 cm.
500 _aIncludes index.
650 0 _aFishes.
_9196672
942 _2ddc
_cBK
999 _c75252
_d75252